000
00240nam a2200109Ia 4500
008
220204s9999 xx 000 0 und d
082
_a
82-3
_b
KON
100
_a
Jeffrey
245
0
_a
Guardian
260
_a
Toronto
_b
Bantam
_c
1979
942
_c
BK
999
_c
33501
_d
33501